[Event "Vecindario Montalvo Memorial 16th"]
[Site "Vecindario"]
[Date "2024.03.29"]
[Round "7"]
[White "Hernando Rodrigo, Jose Maria"]
[Black "Camino Carrio, Nicanor"]
[Result "1-0"]
[WhiteElo "2257"]
[BlackElo "1962"]
[PlyCount "85"]
[EventDate "2024.03.23"]
[EventType "swiss"]
[EventRounds "9"]
[EventCountry "ESP"]
[SourceTitle "CB15_2024"]
[SourceDate "2024.04.10"]
[SourceVersion "1"]
[SourceVersionDate "2024.04.10"]
[SourceQuality "1"]

1. d4 Nf6 2. c4 g6 3. Nc3 Bg7 4. Nf3 0-0 5. g3 d6 6. Bg2 Nbd7 7. 0-0 c6 8. e4 e5 9. h3 Qb6 10. c5 dxc5 11. dxe5 Ne8 12. Qc2 Nxe5 13. Nxe5 Bxe5 14. Na4 Qc7 15. Nxc5 b6 16. Nd3 Ba6 17. Rd1 Bd6 18. Bh6 Ng7 19. Qc3 f6 20. Rac1 Rac8 21. Nf4 Be5 22. Qb3+ Qf7 23. Bxg7 Qxb3 24. axb3 Bxf4 25. gxf4 Kxg7 26. Ra1 Bb5 27. Rxa7+ Rf7 28. Rxf7+ Kxf7 29. Rd7+ Ke6 30. Rxh7 Rd8 31. Bf3 Rd3 32. Bg4+ Kd6 33. e5+ fxe5 34. Rd7+ Kc5 35. fxe5 Rxd7 36. Bxd7 g5 37. h4 gxh4 38. f4 Kd5 39. Kg2 Bd3 40. Kh3 Ke4 41. e6 Kxf4 42. e7 Bg6 43. Bxc6 1-0

[Event "Las Palmas San Mateo CC op 1st"]
[Site "Las Palmas"]
[Date "2023.12.05"]
[Round "3"]
[White "Mukhi Talreja, Ishita Tina"]
[Black "Camino Carrio, Nicanor"]
[Result "1/2-1/2"]
[WhiteElo "1575"]
[BlackElo "1948"]
[PlyCount "45"]
[EventDate "2023.12.04"]
[EventType "swiss"]
[EventRounds "9"]
[EventCountry "ESP"]
[SourceTitle "CB50_2023"]
[SourceDate "2023.12.13"]
[SourceVersion "1"]
[SourceVersionDate "2023.12.13"]
[SourceQuality "1"]

1. d4 Nf6 2. Nf3 g6 3. e3 Bg7 4. Be2 0-0 5. 0-0 d6 6. b3 Nbd7 7. Bb2 c6 8. Qc1 Re8 9. Nbd2 e5 10. dxe5 Nxe5 11. Rd1 Qc7 12. h3 a5 13. c4 Bf5 14. Nf1 Ne4 15. Nxe5 dxe5 16. Bd3 Rad8 17. Bxe4 Bxe4 18. Ng3 Rxd1+ 19. Qxd1 Rd8 20. Qe1 Bf5 21. Nxf5 gxf5 22. Rd1 b6 23. Rd2 1/2-1/2

[Event "Gran Canaria-ch Seniors"]
[Site "Arucas"]
[Date "2023.04.19"]
[Round "4.1"]
[White "Rodriguez Melian, Jose Luis"]
[Black "Camino Carrio, Nicanor"]
[Result "1-0"]
[WhiteElo "2023"]
[BlackElo "1911"]
[PlyCount "77"]
[EventDate "2023.04.12"]
[EventType "swiss"]
[EventRounds "7"]
[EventCountry "ESP"]
[SourceTitle "EXT 2024"]
[Source "ChessBase"]
[SourceDate "2023.10.10"]
[SourceVersion "1"]
[SourceVersionDate "2023.10.10"]
[SourceQuality "1"]

1. d4 Nf6 2. c4 g6 3. Nc3 Bg7 4. e4 d6 5. h3 Nbd7 6. Be3 e5 7. d5 Nc5 8. Qc2 Nh5 9. b4 Na6 10. Be2 0-0 11. Bxh5 gxh5 12. a3 f5 13. f3 c6 14. dxc6 bxc6 15. 0-0-0 Be6 16. Qd3 Qf6 17. exf5 Bxf5 18. Ne4 Qe6 19. g4 hxg4 20. hxg4 Bg6 21. Ng5 Qc8 22. Qxd6 Nc7 23. Qxc6 Rf6 24. Qc5 Qa6 25. b5 Qa4 26. Ne4 Rxf3 27. Nxf3 Bxe4 28. Rh2 Bxf3 29. Rd7 Ne6 30. Qb4 Qxb4 31. axb4 Bxg4 32. Rxa7 Rd8 33. Rd2 Nd4 34. Rg2 h5 35. b6 e4 36. b7 Nc6 37. Ra8 Nb8 38. Bf4 e3 39. Rxb8 1-0

[Event "Vecindario Montalvo Memorial 15th"]
[Site "Vecindario"]
[Date "2023.04.02"]
[Round "1"]
[White "Camino Carrio, Nicanor"]
[Black "Vargas Tinoco, Martin Alonso"]
[Result "1-0"]
[WhiteElo "1911"]
[BlackElo "1422"]
[PlyCount "69"]
[EventDate "2023.04.02"]
[EventType "swiss"]
[EventRounds "9"]
[EventCountry "ESP"]
[SourceTitle "CBM 213 Extra"]
[Source "ChessBase"]
[SourceDate "2023.05.31"]
[SourceVersion "1"]
[SourceVersionDate "2023.05.31"]
[SourceQuality "1"]

1. e4 c5 2. Nf3 e6 3. d4 cxd4 4. Nxd4 a6 5. g3 Nc6 6. Bg2 Qc7 7. 0-0 Nf6 8. Nc3 Be7 9. Re1 d6 10. Nxc6 bxc6 11. e5 dxe5 12. Re3 e4 13. Rxe4 Bb7 14. Re1 Rd8 15. Qf3 0-0 16. Bf4 Bd6 17. Bg5 Be7 18. Rad1 h6 19. Bf4 Bd6 20. Bxh6 c5 21. Qxb7 Qxb7 22. Bxb7 gxh6 23. Bxa6 Be7 24. Rxd8 Rxd8 25. Bc4 Nd7 26. Rd1 Bf6 27. Ne4 Be7 28. Bb5 f5 29. Bxd7 fxe4 30. Bxe6+ Kg7 31. Rxd8 Bxd8 32. Bd5 Bf6 33. c3 Bg5 34. Bxe4 Bc1 35. b4 1-0

[Event "Gran Canaria U1900 op"]
[Site "Gran Canaria"]
[Date "2022.12.27"]
[Round "1"]
[White "Monteiro Rodrigues, Carlos"]
[Black "Camino Carrio, Nicanor"]
[Result "0-1"]
[WhiteElo "1455"]
[BlackElo "1892"]
[PlyCount "62"]
[EventDate "2022.12.27"]
[EventType "swiss"]
[EventRounds "7"]
[EventCountry "ESP"]
[SourceTitle "CBM 212 Extra"]
[Source "ChessBase"]
[SourceDate "2023.03.31"]
[SourceVersion "1"]
[SourceVersionDate "2023.03.31"]
[SourceQuality "1"]

1. e4 c5 2. Nf3 d6 3. d4 cxd4 4. Nxd4 Nf6 5. Nc3 g6 6. Be3 Bg7 7. Qd2 Nc6 8. f3 0-0 9. Nxc6 bxc6 10. Bc4 Rb8 11. Bh6 Bxh6 12. Qxh6 Rxb2 13. Bb3 Qa5 14. Qd2 Be6 15. Nd1 Qe5 16. Nxb2 Qxb2 17. 0-0 d5 18. Qb4 dxe4 19. Rab1 Qe5 20. f4 Qf5 21. Qxe7 Bxb3 22. Rxb3 Re8 23. Qxa7 Kg7 24. Kh1 c5 25. Rb7 Ng4 26. h3 Ne3 27. g4 Qd5 28. Rd7 Qc4 29. Re1 Rf8 30. Rd2 Qc3 31. Qd7 Nc4 0-1

[Event "Vecindario Montalvo Memorial 14th"]
[Site "Vecindario"]
[Date "2022.09.09"]
[Round "7"]
[White "Gonzalez Sastron, Pablo"]
[Black "Camino Carrio, Nicanor"]
[Result "1/2-1/2"]
[WhiteElo "1592"]
[BlackElo "1921"]
[PlyCount "133"]
[EventDate "2022.09.04"]
[EventType "swiss"]
[EventRounds "9"]
[EventCountry "ESP"]
[SourceTitle "CBM 210 Extra"]
[Source "ChessBase"]
[SourceDate "2022.11.30"]
[SourceVersion "1"]
[SourceVersionDate "2022.11.30"]
[SourceQuality "1"]

1. e4 c5 2. c3 d6 3. d4 Nf6 4. Bd3 Qc7 5. Nf3 g6 6. 0-0 Bg7 7. h3 0-0 8. Re1 Nfd7 9. Be3 e5 10. Qc1 exd4 11. cxd4 Nc6 12. Na3 a6 13. Nc2 b5 14. Bh6 Qd8 15. Bxg7 Kxg7 16. d5 Nce5 17. Nxe5 Nxe5 18. Bf1 f5 19. a4 fxe4 20. axb5 Nd3 21. Bxd3 exd3 22. Na3 axb5 23. Nxb5 Rxa1 24. Qc3+ Qf6 25. Rxa1 Qxc3 26. bxc3 Bf5 27. Nxd6 Kf6 28. Rd1 c4 29. g4 Rd8 30. Nxc4 Be4 31. Ne3 Ke5 32. Kh2 Kf4 33. Rd2 Rb8 34. c4 Rb1 35. Ng2+ Bxg2 36. Kxg2 Ke4 37. c5 Rb5 38. f4 Rxc5 39. d6 Rd5 40. Kf2 Rxd6 41. f5 gxf5 42. gxf5 Rf6 43. Ke1 Rxf5 44. Rg2 Ke3 45. h4 Rf3 46. h5 Rh3 47. Rg1 Rxh5 48. Rg3+ Kd4 49. Rg7 h6 50. Kd2 Re5 51. Rg4+ Re4 52. Rg7 Re2+ 53. Kd1 Ke4 54. Re7+ Kf3 55. Rd7 Re3 56. Rf7+ Kg2 57. Kd2 Rh3 58. Rg7+ Kh2 59. Rg6 h5 60. Rg5 h4 61. Rg4 Kh1 62. Kd1 Rh2 63. Rd4 d2 64. Rg4 h3 65. Rg3 Rf2 66. Rxh3+ Kg2 67. Rd3 1/2-1/2

[Event "Vecindario Montalvo Memorial 14th"]
[Site "Vecindario"]
[Date "2022.09.06"]
[Round "4"]
[White "Gonzalez Sastron, David"]
[Black "Camino Carrio, Nicanor"]
[Result "1/2-1/2"]
[WhiteElo "1672"]
[BlackElo "1921"]
[PlyCount "75"]
[EventDate "2022.09.04"]
[EventType "swiss"]
[EventRounds "9"]
[EventCountry "ESP"]
[SourceTitle "CBM 210 Extra"]
[Source "ChessBase"]
[SourceDate "2022.11.30"]
[SourceVersion "1"]
[SourceVersionDate "2022.11.30"]
[SourceQuality "1"]

1. e4 c5 2. Nc3 d6 3. f4 Nc6 4. Nf3 Nf6 5. Bc4 e6 6. Bb3 Be7 7. d3 0-0 8. 0-0 a6 9. a4 Rb8 10. Qe1 b5 11. axb5 axb5 12. Qg3 c4 13. dxc4 b4 14. Nb5 Nxe4 15. Qe1 d5 16. Be3 Bc5 17. Bxc5 Nxc5 18. Kh1 Qb6 19. Ne5 Na5 20. Rxa5 Qxa5 21. Nc6 Qb6 22. Nxb8 Qxb8 23. Qxb4 Qb6 24. Qa3 Ne4 25. Qa7 Qxa7 26. Nxa7 dxc4 27. Nxc8 Rxc8 28. Ba4 Rd8 29. Bc6 f5 30. Kg1 Rd2 31. Bxe4 fxe4 32. Re1 Rxc2 33. Rxe4 Kf7 34. Kf1 h5 35. Re2 Rc1+ 36. Kf2 Kf6 37. Kf3 g6 38. h3 1/2-1/2

[Event "Gran Canaria Santana Memorial 7th"]
[Site "Gran Canaria"]
[Date "2019.11.07"]
[Round "2"]
[White "Camino Carrio, Nicanor"]
[Black "Moreno Diepa, Diego"]
[Result "1-0"]
[WhiteElo "2004"]
[BlackElo "1657"]
[PlyCount "71"]
[EventDate "2019.11.05"]
[EventType "swiss"]
[EventRounds "7"]
[EventCountry "ESP"]
[SourceTitle "CBM 193 Extra"]
[Source "ChessBase"]
[SourceDate "2020.01.31"]
[SourceVersion "1"]
[SourceVersionDate "2020.01.31"]
[SourceQuality "1"]

1. e4 e6 2. d4 d5 3. Nc3 Nf6 4. e5 Nfd7 5. f4 c5 6. Nf3 Nc6 7. Be3 Be7 8. Qd2 c4 9. Be2 0-0 10. 0-0 f6 11. f5 fxe5 12. fxe6 Nb6 13. dxe5 Bxe6 14. Nd4 Nxd4 15. Bxd4 Qd7 16. Kh1 Rf7 17. Rxf7 Kxf7 18. Bf3 Na4 19. Ne2 g5 20. h3 Ke8 21. Bh5+ Kd8 22. b3 cxb3 23. axb3 Nc5 24. Bxc5 Bxc5 25. Nd4 Bxh3 26. Qxg5+ Kc7 27. e6 Bxe6 28. Qe5+ Kb6 29. Nxe6 Qe7 30. Qe1 Bd6 31. Qa5+ Kc6 32. Nd4+ Kd7 33. Bg4+ Ke8 34. Qb5+ Kd8 35. Ne6+ Kc8 36. Bh3 1-0

[Event "Liga Insular Gran Canaria Preferente"]
[Site "Las Palmas"]
[Date "2019.05.25"]
[Round "8.2"]
[White "Camino Carrio, Nicanor"]
[Black "Manchon Santana, Alberto"]
[Result "0-1"]
[WhiteElo "1921"]
[BlackElo "2039"]
[PlyCount "94"]
[EventDate "2019.03.02"]
[EventType "team-tourn"]
[EventRounds "9"]
[EventCountry "ESP"]
[SourceTitle "EXT 2021"]
[Source "ChessBase"]
[SourceDate "2020.10.23"]
[SourceVersion "1"]
[SourceVersionDate "2020.10.23"]
[SourceQuality "1"]
[WhiteTeam "Piscolabis Oleaje San Andres"]
[BlackTeam "Fundacion La Caja de Canarias"]
[WhiteTeamCountry "ESP"]
[BlackTeamCountry "ESP"]

1. e4 c5 2. Nf3 d6 3. Nc3 Nf6 4. d4 cxd4 5. Nxd4 g6 6. Be3 Bg7 7. f3 0-0 8. Qd2 Nc6 9. 0-0-0 Bd7 10. g4 Qa5 11. Nb3 Qc7 12. Nb5 Qd8 13. h4 h5 14. gxh5 Nxh5 15. Bh6 Ne5 16. Bxg7 Kxg7 17. N3d4 Rc8 18. Rg1 Qb6 19. Nc3 Nc6 20. Nd5 Qxd4 21. Qxd4+ Nxd4 22. Rxd4 e5 23. Rd2 Be6 24. Nc3 Rfd8 25. Be2 Nf4 26. Rgd1 Kf6 27. Bf1 Ke7 28. Kb1 a6 29. Ne2 Nh5 30. b3 b5 31. Kb2 Rc6 32. Nc1 Rc7 33. Nd3 Rb7 34. Nxe5 Rc7 35. Nd3 Rdc8 36. Nb4 a5 37. Nd5+ Bxd5 38. exd5 b4 39. Rd4 Rxc2+ 40. Kb1 Rf2 41. Rc4 Rxc4 42. bxc4 Rxf3 43. c5 dxc5 44. d6+ Kd8 45. d7 Rf4 46. Bb5 Nf6 47. Rd6 Ne4 0-1

[Event "Las Palmas Montalvo Memorial 12th"]
[Site "Las Palmas"]
[Date "2019.04.19"]
[Round "8"]
[White "Garcia Padron, Jose"]
[Black "Camino Carrio, Nicanor"]
[Result "1-0"]
[WhiteElo "2411"]
[BlackElo "1936"]
[PlyCount "71"]
[EventDate "2019.04.13"]
[EventType "swiss"]
[EventRounds "9"]
[EventCountry "ESP"]
[SourceTitle "CBM 189 Extra"]
[Source "ChessBase"]
[SourceDate "2019.06.03"]
[SourceVersion "1"]
[SourceVersionDate "2019.06.03"]
[SourceQuality "1"]

1. d4 Nf6 2. c4 g6 3. Nc3 Bg7 4. e4 d6 5. f3 0-0 6. Bg5 a6 7. Qd2 Nbd7 8. Nh3 c6 9. a4 e5 10. d5 Nc5 11. Ra3 Bxh3 12. gxh3 a5 13. Be2 Qb6 14. Kd1 Nb3 15. Be3 Nd4 16. f4 Nd7 17. f5 Nc5 18. Rf1 Ncb3 19. Qe1 f6 20. Nb5 Qd8 21. Nxd4 Nxd4 22. Bxd4 exd4 23. fxg6 f5 24. exf5 Qb6 25. Qd2 h6 26. f6 Rxf6 27. Rxf6 Bxf6 28. Qxh6 Qc7 29. Bg4 Qg7 30. Be6+ Kf8 31. Qf4 Ke7 32. Rb3 b5 33. Bf7 Rh8 34. dxc6 Rh5 35. Qg4 Qh8 36. g7 1-0

[Event "Las Palmas Montalvo Memorial 12th"]
[Site "Las Palmas"]
[Date "2019.04.14"]
[Round "2"]
[White "Villegas, Pierre"]
[Black "Camino Carrio, Nicanor"]
[Result "0-1"]
[WhiteElo "2392"]
[BlackElo "1936"]
[PlyCount "86"]
[EventDate "2019.04.13"]
[EventType "swiss"]
[EventRounds "9"]
[EventCountry "ESP"]
[SourceTitle "CBM 189 Extra"]
[Source "ChessBase"]
[SourceDate "2019.06.03"]
[SourceVersion "1"]
[SourceVersionDate "2019.06.03"]
[SourceQuality "1"]

1. d4 Nf6 2. c4 g6 3. Nc3 Bg7 4. e4 d6 5. Be2 0-0 6. Nf3 e5 7. d5 a5 8. Bg5 Na6 9. Nd2 Qe8 10. 0-0 Nd7 11. a3 h6 12. Bh4 Bf6 13. Bxf6 Nxf6 14. b4 axb4 15. axb4 Bd7 16. Qb3 Qe7 17. Ra3 Rad8 18. Rc1 Nh7 19. Na2 Ng5 20. f3 Nh3+ 21. Kf1 Nf4 22. Qe3 Qh4 23. Kg1 f5 24. Bf1 Kg7 25. c5 Nb8 26. Ra7 Bc8 27. g3 Nh3+ 28. Bxh3 Qxh3 29. c6 f4 30. Qf2 bxc6 31. Rxc7+ Rd7 32. Rxd7+ Bxd7 33. dxc6 Nxc6 34. gxf4 Rxf4 35. Nc3 Nd4 36. Rf1 Qh5 37. Ne2 Nxe2+ 38. Qxe2 Bh3 39. Rb1 Qg5+ 40. Kh1 Rf7 41. b5 Rb7 42. b6 Qd8 43. Qa6 Bc8 0-1

[Event "Liga Insular Gran Canaria Preferente"]
[Site "Las Palmas"]
[Date "2019.03.16"]
[Round "3.1"]
[White "Alvarado Diaz, Alejandro"]
[Black "Camino Carrio, Nicanor"]
[Result "1-0"]
[WhiteElo "2399"]
[BlackElo "1921"]
[PlyCount "57"]
[EventDate "2019.03.02"]
[EventType "team-tourn"]
[EventRounds "9"]
[EventCountry "ESP"]
[SourceTitle "EXT 2021"]
[Source "ChessBase"]
[SourceDate "2020.10.23"]
[SourceVersion "1"]
[SourceVersionDate "2020.10.23"]
[SourceQuality "1"]
[WhiteTeam "Hotel Avda de Canarias"]
[BlackTeam "Piscolabis Oleaje San Andres"]
[WhiteTeamCountry "ESP"]
[BlackTeamCountry "ESP"]

1. e4 c5 2. Nc3 d6 3. f4 Nc6 4. Nf3 g6 5. Bb5 Bg7 6. 0-0 e6 7. Bxc6+ bxc6 8. e5 d5 9. b3 Ba6 10. d3 Nh6 11. Na4 Qa5 12. c4 0-0 13. Qe1 Qc7 14. Kh1 Rad8 15. Ba3 f6 16. Bxc5 Rfe8 17. Qe2 Nf5 18. Rae1 d4 19. Rf2 Bc8 20. g4 Nh6 21. Nxd4 fxe5 22. fxe5 Rxd4 23. Bxd4 c5 24. Nxc5 Rd8 25. Be3 Qxe5 26. Bxh6 Qxe2 27. Rfxe2 Bxh6 28. Nxe6 Bb7+ 29. Kg1 1-0